000 00869cam a2200265 i 4500
001 18084432
005 20180125072957.0
008 140327s2015 maua b 001 0 eng
010 _a 2014012091
020 _a9780133815436 (paperback)
020 _a0133815439 (paperback)
040 _aDLC
_beng
_cDLC
_erda
041 _aeng
042 _apcc
043 _an-us---
080 _a320.473 WAS
082 0 0 _a320.473 WAS
_223
100 1 _a19
101 _aPOL
245 1 4 _aThe basics of American politics /
_cGary Wasserman, Georgetown University.
504 _aIncludes bibliographical references and index.
906 _a7
_bvip
_corignew
_d1
_eecip
_f20
_gy-gencatlg
942 _2ddc
_cBK
999 _c40942
_d40942